Harry potters family Quiz Stats

 Plays Quiz not verified by Sporcle

Score 0/5 Timer 01:00
0 Plays Today
% Correct
james
100%
lily
98.3%
petunia
51.7%
Sirius
36.2%
veron
8.6%

You're not logged in!

Compare scores with friends on all Sporcle quizzes.
OR
Log In

Show Comments

Extras

Created Jul 29, 2011ReportNominate
Tags:family

Top Quizzes Today


Score Distribution

Your Account Isn't Verified!

In order to create a playlist on Sporcle, you need to verify the email address you used during registration. Go to your Sporcle Settings to finish the process.

Report this User

Report this user for behavior that violates our Community Guidelines.

Details: